| 000 | 00698nam a2200205 a 4500 | ||
|---|---|---|---|
| 005 | 20251204064011.0 | ||
| 008 | 080520s1987 mx r 000 0 spa d | ||
| 020 | _a0306426323 | ||
| 035 | _aUPN01000156059 | ||
| 049 | _aCG | ||
| 050 | 4 |
_aHV9069 _bB4.3 |
|
| 245 | 0 | 0 |
_aBehavioral Approaches to crime and delinquency : _ba handbook of aplication, research and concepts / _ced. Edward K. Morris. |
| 260 |
_aNew York : _bPlenum, _c1987. |
||
| 300 | _axxv, 625 p. | ||
| 650 | 4 |
_aDelincuencia juvenil _xAspectos psicológicos _913584 |
|
| 650 | 4 |
_aAdministración de justicia de menores _910326 |
|
| 650 | 2 |
_aModificación de la conducta _99956 |
|
| 700 | 1 |
_aMorris, Edward K., _eed. |
|
| 905 | _aLibro | ||
| 999 |
_c128173 _d128173 |
||